000
00305nam a22001337a 4500
003
SGT
020
_a
817132133
082
_a
374,VAS
100
_a
VASHIST, S.R.
245
_a
ADULT EDUCATION ISSUE PROBLEMS AND PROSPECTS
260
_a
JAIPUR
_b
POINTER PUBLISHAR
_c
1997
300
_a
260
942
_2
ddc
_c
BK
999
_c
33475
_d
33475